O právnom systéme

Chápanie práva ako systému. Usporiadanosť a súvislosti medzi prvkami právneho systému. Postuláty jednoty a stav rozpornosti. Rozpor na napätie ako systémové väzby. Sociálny systém a právny systém alebo čin a konanie. Informačný systém a nedosiahnuteľná úplnosť poriadku.

Salvato in:
Dettagli Bibliografici
Autore principale: Bárány, Eduard
Natura: Capitolo di libro
Lingua:slovacco
Soggetti:
Tags: Aggiungi Tag
Nessun Tag, puoi essere il primo ad aggiungerne!!

MARC

LEADER 00000naa a2200000 4500
001 0209313
005 20231208100734.1
041 0 |a slo 
044 |a SK 
245 1 0 |a O právnom systéme  |c Eduard Bárány 
520 |a Chápanie práva ako systému. Usporiadanosť a súvislosti medzi prvkami právneho systému. Postuláty jednoty a stav rozpornosti. Rozpor na napätie ako systémové väzby. Sociálny systém a právny systém alebo čin a konanie. Informačný systém a nedosiahnuteľná úplnosť poriadku. 
610 2 0 |a pojmy 
610 2 0 |a systémy právne 
610 2 0 |a systémy sociálne 
610 2 0 |a história 
610 2 0 |a poriadok právny 
100 1 |a Bárány, Eduard